Escoliosis: su tratamiento en fisioterapia y ortopedia

Salvato in:
Dettagli Bibliografici
Autori principali: Souchard, Philippe (Autore), Ollier, Marc (Autore)
Natura: Libro
Lingua:spagnolo
Pubblicazione: Madrid Médica Panamericana 2002
Edizione:1a. ed
Soggetti:
Tags: Aggiungi Tag
Nessun Tag, puoi essere il primo ad aggiungerne!!

MARC

LEADER 00000nam a2200000 a 4500
001 UCH3157
003 CL-VaPUC
008 090715e20020000SP |||||||||||||||||spa|d
020 |a 8479036923 
082 0 4 |a 616.73  |b SOU  |2 21 
100 0 |a Souchard, Philippe  |e author  |9 538345 
700 0 |a Ollier, Marc  |e author  |9 538346 
245 1 0 |a Escoliosis: su tratamiento en fisioterapia y ortopedia 
250 |a 1a. ed 
300 |a 211 p 
942 |c BK 
945 |d 20090715 00:00:00  |a cmena 
260 |a Madrid  |b Médica Panamericana  |c 2002 
650 7 |a ESCOLIOSIS  |2 CL-VaPUC  |9 407122 
650 0 |a Fisioterapia  |9 307408 
650 0 |a Ortopedia  |9 341017 
650 7 |a POSTURA CORRECTA  |2 CL-VaPUC  |9 538312 
583 |a last modification  |c 20090715 00:00:00  |k Rodrigo Vera 
999 |c 334783  |d 334781 
952 |0 0  |1 0  |4 0  |6 616_730000000000000_SOU_2002  |7 0  |8 A  |9 423967  |a BIBCUR  |b BIBCUR  |d 2019-11-22  |i 1087703  |o 616.73 SOU 2002  |p 1087703  |r 2025-04-22  |w 2019-11-22  |y BK  |k KIN